On the Relation Between Ghazali`s Cosmology and His Mysticism (Record no. 1764)

MARC details
000 -LEADER
fixed length control field 00607nam a2200253 a 4500
020 ## - INTERNATIONAL STANDARD BOOK NUMBER
ISBN
082 00 - DEWEY DECIMAL CLASSIFICATION NUMBER
Classification number 297.4
Author Cutter WEN
100 ## - MAIN ENTRY--AUTHOR NAME
Author name Wensinck, A J
245 ## - TITLE STATEMENT
Title On the Relation Between Ghazali`s Cosmology and His Mysticism
260 ## - PUBLICATION, DISTRIBUTION, ETC. (IMPRINT)
Place of publication
Name of publisher
Year of publication 1933
300 ## - PHYSICAL DESCRIPTION
Number of Pages 27p
500 ## - GENERAL NOTE
General note includes index and biblioraphy
505 2# - FORMATTED CONTENTS NOTE
Formatted contents note Index
650 ## - SUBJECT ADDED ENTRY--TOPICAL TERM
Topical Term Sufism-Ghazali
650 ## - SUBJECT ADDED ENTRY--TOPICAL TERM
Topical Term Sufism-Alghazali
942 ## - ADDED ENTRY ELEMENTS (KOHA)
Koha item type Books
700 1# -
-- Wensinck, A J
Holdings
Home library Current library Date acquired Cost, normal purchase price Full call number Accession Number Koha item type
Henry Martyn Institute Library Henry Martyn Institute Library 07/03/2007 100.00 297.4 WEN 01588 E-Books
                   Copyright © 2026 | Henry Martyn Institute | Hyderabad | TS-500052 | INDIA | Implemented by hmi.edu.in
Hit-Count:

Powered by Koha